| 000 | 00919nam a22002897a 4500 | ||
|---|---|---|---|
| 001 | 8266 | ||
| 003 | FISKH | ||
| 005 | 20250905115453.0 | ||
| 008 | 250905b cb ||||| |||| 00| 0 eng d | ||
| 020 | _a0590427210 | ||
| 040 |
_aFISKH _beng _cFISKH _dFISKH |
||
| 050 | _aPZ7.T8535 N | ||
| 082 | _a804 | ||
| 100 | _aTurner, Ann | ||
| 245 |
_aNettie's trip south / _cBy Ann Turner |
||
| 250 | _aFirst Scholastic printing, Sepetember 1989 | ||
| 260 |
_aNew York : _bScholastic , _c1987. |
||
| 300 |
_a30 unnumbered pages : _billustrations ; _c23 cm . |
||
| 505 | _aK | ||
| 520 | _aA ten-year-old northern girl encounters the ugly realities of slavery when she visits Richmond, Virginia, and sees a slave auction. | ||
| 521 | 8 |
_a510
_bLexile estimate |
|
| 521 | 8 |
_aK
_bRaz-Plus |
|
| 650 |
_aSlavery _vFiction |
||
| 700 |
_aHimber, Ronald _eIllustrator |
||
| 942 |
_2ddc _cBK _n0 |
||
| 999 |
_c8266 _d8266 |
||